ADCOM-2005 of ACS 13th International conference on advanced computing & communication / (Record no. 43094)
[ view plain ]
| 000 -LEADER | |
|---|---|
| fixed length control field | 01019nam a22002537a 4500 |
| 005 - DATE AND TIME OF LATEST TRANSACTION | |
| control field | 2010082601131.0 |
| 010 ## - LCCN (DPL NO) | |
| LC control number | ENG-101384 |
| 020 ## - INTERNATIONAL STANDARD BOOK NUMBER | |
| International Standard Book Number | 8184241097 |
| Terms of availability | 3600.00 |
| 020 ## - INTERNATIONAL STANDARD BOOK NUMBER | |
| International Standard Book Number | 9798184241098 |
| Terms of availability | 3600.00 |
| 035 ## - SYSTEM CONTROL NUMBER | |
| System control number | EN-84917 |
| 037 ## - SOURCE OF ACQUISITION | |
| Source of stock number/acquisition | DBAD/PUB |
| 082 ## - DEWEY DECIMAL CLASSIFICATION NUMBER | |
| Classification number | 004.6 |
| 100 ## - MAIN ENTRY--PERSONAL NAME | |
| Personal name | Advanced Computing & Communications (13th: 2005: Coimbatore) |
| 245 ## - TITLE STATEMENT | |
| Title | ADCOM-2005 of ACS 13th International conference on advanced computing & communication / |
| Statement of responsibility, etc | edited by Bharat Jayaraman, P. Nagabhushan [and] Satya Sai Prakash K. |
| 260 ## - PUBLICATION, DISTRIBUTION, ETC. (IMPRINT) | |
| Place of publication, distribution, etc | New Delhi |
| Name of publisher, distributor, etc | Allied Publishers |
| Date of publication, distribution, etc | 2006 |
| 270 ## - ADDRESS | |
| Address | A-104 Mayapuri, Phase II |
| City | New Delhi |
| Postal code | 110064 |
| 300 ## - PHYSICAL DESCRIPTION | |
| Extent | 442p. |
| Dimensions | 28cm (Hb) |
| 500 ## - GENERAL NOTE | |
| General note | Includes index |
| 700 ## - ADDED ENTRY--PERSONAL NAME | |
| Personal name | Jayaraman, Bharat |
| 9 (RLIN) | 17105 |
| 700 ## - ADDED ENTRY--PERSONAL NAME | |
| Personal name | Nagabhushan, P. |
| 9 (RLIN) | 17106 |
| 700 ## - ADDED ENTRY--PERSONAL NAME | |
| Personal name | Prakash K., Satya Sai |
| 9 (RLIN) | 17107 |
| 942 ## - ADDED ENTRY ELEMENTS (KOHA) | |
| Source of classification or shelving scheme | Dewey Decimal Classification |
| Item type | English Books |
| Classification part | 004.6 |
| Call number suffix | ADC |
| Withdrawn status | Lost status | Not for loan | Collection code | Home library | Current library | Date acquired | Source of acquisition | Cost, normal purchase price | Full call number | Barcode | Copy number | Cost, replacement price | Koha item type |
|---|---|---|---|---|---|---|---|---|---|---|---|---|---|
| Not For Loan | Non-fiction | D.B.Act.Division | D.B.Act.Division | 26/08/2010 | DBAD/PUB | 3600.00 | 004.6 ADC | EN-84917 | 1 | 3600.00 | English Books |
